| 000 | 00618nam a2200181Ia 4500 | ||
|---|---|---|---|
| 003 | LK-CoDNM | ||
| 005 | 20240227145355.0 | ||
| 008 | 010623t1902 xxu||||| |||| 00| 1 sin d | ||
| 040 |
_aLK-CoDNM _dLK-CoDNM _eLK-CoDNM |
||
| 041 | _asin | ||
| 080 | _a104 V14 | ||
| 245 | _aඅපගේ ස්වාමින් වු යේසුස් ක්රිස්තුස්වහන්සේගේ ජීවිත කථාව | ||
| 246 | _aThe life of our lord jesus christ | ||
| 260 |
_bThe christian literature society _aColombo _c1902 |
||
| 300 |
_bDamaged _a7p., iill, 28 cm |
||
| 650 | _aJesus christ | ||
| 942 | _cBK | ||
| 999 |
_c85418 _d85418 |
||